Delaware Mansions Ltd and another v Westminster CC (Record no. 61738)

MARC details
000 -LEADER
fixed length control field 01369cam a2200241 4500
001 - CONTROL NUMBER
control field ABS61610
008 - FIXED-LENGTH DATA ELEMENTS--GENERAL INFORMATION
fixed length control field 000000n1999 000 0 eng u
035 ## - SYSTEM CONTROL NUMBER
System control number (Sirsi) u102757
245 ## - TITLE STATEMENT
Title Delaware Mansions Ltd and another v Westminster CC
260 ## - PUBLICATION, DISTRIBUTION, ETC.
Date of publication, distribution, etc. 1999
490 ## - SERIES STATEMENT
Series statement Estates Gazette
Volume/sequential designation [1999] 46 EG 194-196(3)
520 ## - SUMMARY, ETC.
Summary, etc. CA 21 July 1999. In June 1990 the second appellant company (A) purchased the freehold of a number of blocks of flats. The first defendant (D) acted as a maintenance company for the tenants, who owned the company. Prior to the purchase, D had been advised the property was being damaged by the roots of a tree for which the Council (W) were responsible. W refused to fell the tree, and remedial works were carried out to the property. The court below found that because most or all of the damage had occurred prior to purchase and that A and D therefore had no cause of action in nuisance. A and D appealed. "Held" A's appeal allowed: it was irrelevant that the nuisance had existed before A purchased the properties.
590 ## - LOCAL NOTE (RLIN)
Local note ABS
650 ## - SUBJECT ADDED ENTRY--TOPICAL TERM
Topical term or geographic name entry element NUISANCE
650 ## - SUBJECT ADDED ENTRY--TOPICAL TERM
Topical term or geographic name entry element SUBSIDENCE
650 ## - SUBJECT ADDED ENTRY--TOPICAL TERM
Topical term or geographic name entry element TREE ROOTS
650 ## - SUBJECT ADDED ENTRY--TOPICAL TERM
Topical term or geographic name entry element REMEDIAL WORKS
650 ## - SUBJECT ADDED ENTRY--TOPICAL TERM
Topical term or geographic name entry element DELAWARE MANSIONS LTD AND ANOTHER V WESTMINSTER CITY COUNCIL
650 ## - SUBJECT ADDED ENTRY--TOPICAL TERM
Topical term or geographic name entry element UNDERPINNING
650 ## - SUBJECT ADDED ENTRY--TOPICAL TERM
Topical term or geographic name entry element DAMAGES
690 ## - LOCAL SUBJECT ADDED ENTRY--TOPICAL TERM (OCLC, RLIN)
Topical term or geographic name as entry element PROPERTY LAW AND PRACTICE-CASE LAW
942 ## - ADDED ENTRY ELEMENTS (KOHA)
Suppress in OPAC 0
Holdings
Withdrawn status Lost status Source of classification or shelving scheme Damaged status Not for loan Home library Current library Shelving location Date acquired Total Checkouts Full call number Barcode Date last seen Copy number Price effective from Koha item type
    Dewey Decimal Classification     London London Journal article 24/11/1999   ABS61610 102757-1001 06/08/2019 1 06/08/2019 Law report